| 000 | 00736cab a2200253 4500 | ||
|---|---|---|---|
| 001 | WB3433-71 | ||
| 008 | 090401t1998 xxu||||| |||| 00| 0 eng d | ||
| 035 | _a(Sirsi) u88179 | ||
| 041 | _aeng | ||
| 245 | _aCompensation for TB cattle | ||
| 260 | _c1998 | ||
| 350 | _a0 | ||
| 490 |
_aMAFF News Release _v(342/98) 26 August 1998 (2) |
||
| 520 | _aCattle farmers are to receive full compensation for animals that become ill with bovine tuberculosis. The compensation has been increased from 75% to 100%. | ||
| 650 | _aBADGERS | ||
| 650 | _aBOVINE TB | ||
| 650 | _aBOVINE TUBERCULOSIS | ||
| 650 | _aCATTLE | ||
| 650 | _aCOMPENSATION | ||
| 650 | _aFARMERS | ||
| 690 | _aRURAL PRACTICE | ||
| 942 | _n0 | ||
| 948 | _c28/08/1998 | ||
| 999 |
_c55715 _d55715 |
||